Most popular websites - Statistics

General Stats
  • This quiz has been taken 84 times
  • The average score is 7 of 15
Answer Stats
Hint Answer % Correct
182 billion google
95%
10.5 billion instagram
85%
18.8 billion facebook
82%
122 billion youtube
82%
8.1 billion x
64%
5.5 billion tiktok
59%
4.7 billion yahoo
59%
4.8 billion amazon
51%
11.2 billion wikipedia
47%
8.4 billion reddit
41%
9.6 billion chatgpt
31%
5.3 billion whatsapp
23%
4.5 billion temu
14%
5.4 billion yandex
9%
4.1 billion weather channel
4%
No matching quizzes found
Score Distribution
Percent of People with Each Score
Percentile by Number Answered
Your Score History
You have not taken this quiz